[Event "Challenge"]
[Site "http://www.queenalice.com/game.php?id=842709"]
[Date "2010.10.7"]
[Round "-"]
[White "Sampaio"]
[Black "Nikita"]
[Result "1-0"]
[WhiteElo "1639"]
[BlackElo "1469"]

1. Nf3 e6 2. d4 Nc6 3. e4 Nf6 4. e5 Ne4 5. Bd3 d5 6. O-O Nb4 7. Re1 Nxd3 8. Qxd3
Bb4 9. c3 Ba5 10. Qb5+ c6 11. Qe2 f6 12. Nbd2 Nxd2 13. Qxd2 fxe5 14. Nxe5 Qf6
15. Re3 b5 16. Nxc6 Bc7 17. b4 Bf4 18. Qe2 Bxe3 19. Bxe3 g5 20. Qh5+ Kd7 21.
Bxg5 Qf8 22. Ne5+ Kd6 23. Re1 h6 24. Bc1 Kc7 25. Bf4 Rh7 26. Ng6+ Qd6 27. Bxd6+
Kxd6 28. Qe5+ Kc6 29. Re3 a6 30. f4 a5 31. Nf8 Re7 32. f5 axb4 33. cxb4 Rxa2 34.
Rc3+ Kb6 35. Qd6+ Kb7 36. Qxe7+ Kb6 37. Qc5+ Kb7 38. Qxc8+ Ka7 39. Rc6 Ra1+ 40.
Rc1 Ra4 41. Rc7+ Kb6 42. Qb7# 1-0

[Event "Challenge"]
[Site "http://www.queenalice.com/game.php?id=842710"]
[Date "2010.10.7"]
[Round "-"]
[White "vinoseco"]
[Black "Sampaio"]
[Result "0-1"]
[WhiteElo "1419"]
[BlackElo "1654"]

1. Nc3 Nf6 2. e4 e5 3. Nf3 Nc6 4. d3 d5 5. exd5 Nxd5 6. Ne4 Be7 7. Nfd2 O-O 8.
c4 Ndb4 9. a3 Nxd3+ 10. Bxd3 Qxd3 11. Ng3 Rd8 12. Qh5 Nd4 13. Ra2 g6 14. Qh6
Nc2+ 15. Kd1 Bg4+ 16. f3 Ne3+ 17. Ke1 Nxg2+ 18. Kf2 Nf4 19. fxg4 Bc5+ 20. Ke1
Ng2+ 21. Kd1 Be3 22. Qh3 Nf4 23. Qh6 Bxd2 24. b3 Be3+ 25. Bd2 Qb1# 0-1

[Event "Challenge"]
[Site "http://www.queenalice.com/game.php?id=844287"]
[Date "2010.10.11"]
[Round "-"]
[White "joaobatista"]
[Black "Sampaio"]
[Result "1-0"]
[WhiteElo "1687"]
[BlackElo "1651"]

1. d4 d5 2. h3 Nf6 3. a3 Nc6 4. c3 e5 5. Qa4 Bd7 6. Qd1 Bd6 7. g3 Ne4 8. Bg2
Nxg3 9. fxg3 e4 10. Be3 Bxg3+ 11. Bf2 Qh4 12. Bxg3 Qxg3+ 13. Kf1 e3 14. Qe1 Qf4+
15. Nf3 O-O 16. b4 Ne7 17. a4 Nf5 18. Kg1 Ng3 19. b5 Bf5 20. Na3 Rfe8 21. Rh2
Re6 22. a5 Ne4 23. b6 axb6 24. c4 g5 25. cxd5 Rd6 26. Nb5 Rh6 27. Nxc7 Rc8 28.
axb6 g4 29. hxg4 Bxg4 30. Ra8 Rxa8 31. Rxh6 Qxh6 32. Nxa8 Qg7 33. Qb4 Bh3 34.
Nh4 Qf6 35. Nf3 Qg7 36. Nh4 Qg3 37. Qe7 Qf2+ 38. Kh2 Bxg2 39. Nxg2 Qg3+ 40. Kg1
Qf2+ 41. Kh1 Ng3+ 42. Kh2 Nf1+ 43. Kh1 Qxe2 44. d6 Qh5+ 45. Kg1 Qd1 46. Qe8+ Kg7
47. Qe5+ Kh6 48. Qf6+ Kh5 49. Qxf7+ Kh6 50. Qf6+ Kh5 51. Qxf1 e2 52. Nf4+ Kg4
53. Nxe2 Qa4 54. Qf4+ Kh5 55. Qf5+ Kh6 56. d7 Qd1+ 57. Kf2 Qh1 58. Qf8+ Kh5 59.
Qf3+ Kg5 60. d8=Q+ 1-0

[Event "Challenge"]
[Site "http://www.queenalice.com/game.php?id=858745"]
[Date "2010.11.14"]
[Round "-"]
[White "joaobatista"]
[Black "Sampaio"]
[Result "1-0"]
[WhiteElo "1665"]
[BlackElo "1660"]

1. Nf3 Nf6 2. d3 d5 3. h3 Nc6 4. c3 e5 5. e3 Bd6 6. g3 O-O 7. Bg2 Re8 8. O-O e4
9. dxe4 dxe4 10. Nd4 Ne5 11. Nd2 c5 12. Nb5 a6 13. Nxd6 Qxd6 14. Qe2 Rd8 15. Rd1
Neg4 16. hxg4 Bxg4 17. f3 exf3 18. Nxf3 Qxg3 19. Rxd8+ Rxd8 20. e4 Re8 21. e5
Bxf3 22. Qxf3 Qe1+ 23. Kh2 Qxe5+ 24. Kg1 Qe1+ 25. Kh2 Qh4+ 26. Kg1 Re1+ 27. Bf1
Ne4 28. b3 Qg5+ 29. Bxg5 Rxa1 30. Qxe4 1-0

[Event "Challenge"]
[Site "http://www.queenalice.com/game.php?id=860713"]
[Date "2010.11.19"]
[Round "-"]
[White "Sampaio"]
[Black "Admilton"]
[Result "1-0"]
[WhiteElo "1650"]
[BlackElo "1507"]

1. Nf3 d5 2. d4 Bg4 3. e3 Nf6 4. Be2 e6 5. O-O Bxf3 6. Bxf3 Qd6 7. Nc3 c6 8. Re1
Be7 9. e4 Bd8 10. e5 Qc7 11. exf6 Bxf6 12. b4 Qd6 13. Rb1 Bd8 14. Qd3 Bc7 15. b5
Qxh2+ 16. Kf1 Qh4 17. bxc6 bxc6 18. Rb7 Ba5 19. Ba3 Bd8 20. Bc5 Nd7 21. Bxa7 Qf4
22. Reb1 c5 23. Qb5 Qd6 24. dxc5 Qe7 25. c6 O-O 26. cxd7 Qf6 27. Bc5 Qxc3 28.
Bxf8 Ra5 29. Qb4 Qxb4 30. R1xb4 Kxf8 31. Rb8 Ke7 32. R4b7 Rxa2 33. Rc8 Ra1+ 34.
Ke2 Ra5 35. Rbb8 Ra2 36. Kd2 Ba5+ 37. Kc1 Kxd7 38. Be2 Bc7 39. Bb5+ Kd6 40. Rb7
Ba5 41. Ra7 Ke5 42. Rca8 Ra1+ 43. Kb2 Rf1 44. Bxf1 Bb6 45. Rxf7 Bd4+ 46. c3 Bc5
47. Rxg7 Bxf2 48. Rxh7 Be3 49. Rh5+ Kf6 50. Re8 Kf7 51. Bb5 Kg6 52. Re5 d4 53.
R8xe6+ Kf7 54. Be8+ 1-0

[Event "COMBOIO II"]
[Site "http://www.queenalice.com/game.php?id=861325"]
[Date "2010.11.20"]
[Round "-"]
[White "perucona"]
[Black "Sampaio"]
[Result "0-1"]
[WhiteElo "1490"]
[BlackElo "1625"]

1. e4 e5 2. d4 d5 3. dxe5 c6 4. exd5 cxd5 5. Nf3 f6 6. Nc3 Be6 7. Bb5+ Nc6 8.
Bxc6+ bxc6 9. exf6 Nxf6 10. O-O Be7 11. Qe2 Bf7 12. Bg5 O-O 13. Bxf6 Bxf6 14.
Qd3 Rb8 15. b3 Bg6 16. Qd2 Bh5 17. h3 Bxf3 18. gxf3 d4 19. Ne4 d3 20. Rad1 Bh4
21. Qxd3 Qc8 22. Nc5 Qxh3 23. f4 Qg4+ 24. Kh1 Qh3+ 25. Kg1 Qg4+ 26. Kh1 Rxf4 27.
Rd2 Rbf8 28. Qe2 Qh3+ 29. Kg1 Rg4+ 30. Qxg4 Qxg4+ 31. Kh1 Rf3 32. Nd3 Qg5 33.
Re2 Rh3# 0-1

[Event "Challenge"]
[Site "http://www.queenalice.com/game.php?id=862644"]
[Date "2010.11.23"]
[Round "-"]
[White "mario48"]
[Black "Sampaio"]
[Result "1-0"]
[WhiteElo "1494"]
[BlackElo "1644"]

1. e4 c5 2. c3 Nc6 3. d4 cxd4 4. cxd4 d5 5. exd5 Qxd5 6. Nf3 Bg4 7. Nc3 Qh5 8.
Be2 O-O-O 9. O-O Nf6 10. Bf4 e6 11. Qa4 Bd6 12. Bxd6 Rxd6 13. Nb5 Rd5 14. Nxa7+
Nxa7 15. Qxa7 Rdd8 16. Ne5 Bxe2 17. Rac1+ 1-0

[Event "Challenge"]
[Site "http://www.queenalice.com/game.php?id=866745"]
[Date "2010.12.2"]
[Round "-"]
[White "donnybaby"]
[Black "Sampaio"]
[Result "1-0"]
[WhiteElo "1631"]
[BlackElo "1618"]

1. e3 Nf6 2. c3 c5 3. Ne2 e6 4. Ng3 Be7 5. d3 O-O 6. d4 Nc6 7. dxc5 Bxc5 8. b3
d5 9. b4 Bd6 10. a4 a6 11. b5 axb5 12. Bxb5 Bd7 13. Bxc6 Bxc6 14. f3 Qa5 15. Bd2
Bxa4 16. Qe2 Qb6 17. O-O Qb2 18. Ra2 Qxa2 19. e4 Bc5+ 20. Kh1 Bc2 21. Bg5 Bxb1
22. Qxa2 Rxa2 23. Rxb1 Rfa8 24. h4 Rc2 25. Bxf6 gxf6 26. exd5 exd5 27. Rxb7 Kh8
28. Rxf7 Rg8 29. Kh2 Bd6 30. Rxf6 Bxg3+ 31. Kh3 Be1 32. g4 Rxc3 33. g5 d4 34.
Kg4 1-0

[Event "Challenge"]
[Site "http://www.queenalice.com/game.php?id=866798"]
[Date "2010.12.2"]
[Round "-"]
[White "tucuman"]
[Black "Sampaio"]
[Result "1-0"]
[WhiteElo "1684"]
[BlackElo "1631"]

1. e4 c5 2. c4 Nc6 3. d3 e5 4. h3 Nf6 5. a3 Be7 6. Nf3 O-O 7. Nc3 a6 8. Bd2 b5
9. b3 a5 10. Nxb5 Na7 11. Nxe5 Nxb5 12. cxb5 d6 13. Nc6 Qd7 14. a4 Bb7 15. Nxa5
Bd8 16. Nxb7 Qxb7 17. Be2 Re8 18. O-O d5 19. exd5 Nxd5 20. Bf3 Qd7 21. Bxd5 Qxd5
22. Be3 Bc7 23. Rc1 Qd6 24. g3 Rxe3 25. Qg4 h5 26. Qf4 1-0

[Event "Defesa Manobu"]
[Site "http://www.queenalice.com/game.php?id=868111"]
[Date "2010.12.5"]
[Round "-"]
[White "Sampaio"]
[Black "joaobatista"]
[Result "1-0"]
[WhiteElo "1644"]
[BlackElo "1700"]

1. Nf3 h6 2. e4 Nc6 3. d4 a6 4. d5 Nb8 5. Be2 g6 6. O-O Bg7 7. Nc3 e5 8. d6 c6
9. Nd2 Qf6 10. Nc4 b5 11. Nb6 Ra7 12. Nxc8 Rb7 13. Be3 Qd8 14. Nb6 Rxb6 15. Bxb6
Qxb6 16. a4 b4 17. a5 Qb7 18. Na4 Nf6 19. Nc5 Qa7 20. Na4 Nxe4 21. Nb6 O-O 22.
Bc4 Qb7 23. Re1 Ng5 24. c3 e4 25. cxb4 Bxb2 26. Rb1 Be5 27. f3 Bc3 28. Re3 Bg7
29. f4 Nh7 30. Rxe4 Nf6 31. Re7 h5 32. Qb3 Nd5 33. Nxd5 cxd5 34. Bxd5 Nc6 35.
Bxf7+ Kh7 36. Bxg6+ Kxg6 37. Qg3+ Kf6 38. Qg5# 1-0

[Event "TODO PERIGO É MUITO POUCO"]
[Site "http://www.queenalice.com/game.php?id=870428"]
[Date "2010.12.10"]
[Round "-"]
[White "joaobatista"]
[Black "Sampaio"]
[Result "1-0"]
[WhiteElo "1645"]
[BlackElo "1617"]

1. d4 d5 2. Nf3 Nf6 3. g3 Nc6 4. a3 Bg4 5. Bg2 e6 6. h3 Bxf3 7. Bxf3 Be7 8. c3
O-O 9. Qb3 Na5 10. Qa4 c6 11. b4 b5 12. Qxa5 Qxa5 13. bxa5 c5 14. Nd2 cxd4 15.
cxd4 Rac8 16. O-O Nd7 17. Bg2 f5 18. Rb1 a6 19. Nb3 f4 20. Bxf4 Bxa3 21. h4 Rf5
22. e4 dxe4 23. Bxe4 Rff8 24. Bb7 Rc2 25. Bxa6 b4 26. Bd6 Rf3 27. Bb5 Nf6 28. a6
Ne4 29. a7 Rc8 30. Bb8 Nc3 31. Rbe1 Nxb5 32. a8=Q 1-0

[Event "Challenge"]
[Site "http://www.queenalice.com/game.php?id=876591"]
[Date "2010.12.25"]
[Round "-"]
[White "Flamengo140575"]
[Black "Sampaio"]
[Result "1-0"]
[WhiteElo "1815"]
[BlackElo "1597"]

1. d4 d5 2. c4 dxc4 3. e4 e5 4. d5 c6 5. Bxc4 cxd5 6. Qxd5 Qxd5 7. Bxd5 Nf6 8.
Bb3 Nxe4 9. Ne2 Bb4+ 10. Bd2 Be7 11. f3 Nf6 12. O-O O-O 13. Nbc3 Nc6 14. Ng3 b6
15. Nd5 Bd6 16. Nxf6+ gxf6 17. Bd5 Bb7 18. Nf5 Bc5+ 19. Kh1 Rfd8 20. Bxc6 Bxc6
21. Bh6 Rd2 22. Bxd2 Bb5 23. Rfe1 Rd8 24. Bc3 Bf2 25. Red1 Re8 26. Nd6 Rf8 27.
Nxb5 Re8 28. Rd7 a6 29. Nd6 Rb8 30. Rd1 Kg7 31. Rxf7+ Kg6 32. Ra7 Rd8 33. g4 Bc5
34. Rxa6 Bxd6 35. Rxb6 1-0

[Event "Challenge"]
[Site "http://www.queenalice.com/game.php?id=880740"]
[Date "2011.1.3"]
[Round "-"]
[White "denisaugusto09"]
[Black "Sampaio"]
[Result "1-0"]
[WhiteElo "1706"]
[BlackElo "1602"]

1. e4 e5 2. Qf3 Nf6 3. Bc4 Nc6 4. d3 Bc5 5. Bg5 O-O 6. Bxf6 Qxf6 7. Qxf6 gxf6 8.
Nf3 Re8 9. O-O d6 10. Nc3 Nb4 11. Rac1 a6 12. a3 Nc6 13. Nd5 Bb6 14. Nxf6+ 1-0

[Event "Challenge"]
[Site "http://www.queenalice.com/game.php?id=882510"]
[Date "2011.1.7"]
[Round "-"]
[White "thiagobrumchess"]
[Black "Sampaio"]
[Result "0-1"]
[WhiteElo "1822"]
[BlackElo "1590"]

1. e4 Nc6 2. Nf3 e5 3. Bc4 Be7 4. d4 d6 5. O-O Bg4 6. d5 Nd4 7. Nbd2 Nf6 8. c3
Nxf3+ 9. Nxf3 O-O 10. Be2 Nxe4 11. Bd3 f5 12. h3 Bh5 13. Re1 Rc8 14. Bxe4 fxe4
15. Rxe4 Bh4 16. Re3 Qf6 17. Kh1 Bxf2 18. Rd3 e4 19. Bg5 Qf5 20. Rd2 Bxf3 21.
Rxf2 Bxg2+ 22. Rxg2 Qxh3+ 23. Kg1 Rf3 24. Bh6 g6 25. Rh2 Rg3+ 26. Kh1 Qf5 27.
Qe2 Re8 28. Rf1 Qxd5 29. Qf2 e3+ 30. Qg2 Rxg2 31. Rxg2 Qh5+ 32. Rh2 Qd5+ 33. Kg1
e2 34. Re1 Re5 35. Rexe2 Qd1+ 36. Kf2 Qxe2+ 37. Kg1 Qe1+ 38. Kg2 Rf5 39. Kh3
Qf1+ 40. Kg3 Qf3+ 41. Kh4 Rh5# 0-1

[Event "Challenge"]
[Site "http://www.queenalice.com/game.php?id=892596"]
[Date "2011.1.28"]
[Round "-"]
[White "joaobatista"]
[Black "Sampaio"]
[Result "1-0"]
[WhiteElo "1674"]
[BlackElo "1590"]

1. d3 Nf6 2. e4 e5 3. Bg5 Be7 4. Nf3 Nc6 5. a3 d5 6. Nbd2 Bg4 7. h3 Be6 8. Bh4
d4 9. b4 a5 10. b5 Na7 11. a4 O-O 12. g4 Nd7 13. g5 f5 14. Bg2 fxe4 15. Nxe4 Nc5
16. Nxe5 Nxe4 17. Bxe4 Bxg5 18. Qh5 Bf5 19. Bxg5 g6 20. Nxg6 Bxg6 21. Bxg6 hxg6
22. Qxg6+ 1-0

[Event "A volta daquele que não foi LOL"]
[Site "http://www.queenalice.com/game.php?id=902634"]
[Date "2011.2.19"]
[Round "-"]
[White "joaobatista"]
[Black "Sampaio"]
[Result "0-1"]
[WhiteElo "1683"]
[BlackElo "1577"]

1. Nf3 Nf6 2. h3 d5 3. c3 Nc6 4. d4 e6 5. Bg5 Be7 6. g3 h5 7. Bg2 Ne4 8. Bxe7
Nxe7 9. O-O Nf5 10. Ne5 h4 11. g4 Nfd6 12. Nd2 Ng5 13. c4 f6 14. Ng6 Rh6 15. Nf4
e5 16. dxe5 fxe5 17. Nxd5 c6 18. Ne3 Be6 19. f4 Qb6 20. Kf2 exf4 21. c5 Qxc5 22.
Ke1 fxe3 23. Rc1 exd2+ 24. Qxd2 Nc4 25. Rxc4 Bxc4 26. Qf4 Qb4+ 27. Kd1 Rd8+ 28.
Kc1 Rf6 29. Qe3+ Re6 30. Qxg5 Rxe2 31. Qg6+ Kd7 32. Rd1+ Kc8 33. Qf5+ Kc7 34.
Qf4+ Kb6 35. b3 Qa3+ 36. Kb1 Qb2# 0-1

[Event "Rumo aos 1610 (ou 1560?) LOL"]
[Site "http://www.queenalice.com/game.php?id=905124"]
[Date "2011.2.25"]
[Round "-"]
[White "Sampaio"]
[Black "joaobatista"]
[Result "0-1"]
[WhiteElo "1615"]
[BlackElo "1624"]

1. e3 Nc6 2. c4 b6 3. Nf3 e6 4. Be2 Be7 5. O-O Bb7 6. Nc3 Nf6 7. d4 O-O 8. d5
exd5 9. cxd5 Nb8 10. e4 a6 11. e5 Ne8 12. Re1 b5 13. a3 b4 14. Qb3 Qc8 15. d6
cxd6 16. Qxb4 Nc6 17. Nd5 Nxb4 18. Nb6 Qd8 19. Nxa8 Bxa8 20. axb4 dxe5 21. Nxe5
Bb7 22. Rd1 d6 23. Nf3 Qb6 24. Bd2 Nc7 25. h3 Bf6 26. Rab1 Re8 27. Be3 Qxb4 28.
Rxd6 Qxd6 29. Rd1 Qb4 30. Rd7 Ne6 31. Nh2 Bxb2 32. Rc7 Nxc7 0-1

[Event "Challenge"]
[Site "http://www.queenalice.com/game.php?id=905126"]
[Date "2011.2.25"]
[Round "-"]
[White "Scaracioli"]
[Black "Sampaio"]
[Result "1-0"]
[WhiteElo "1532"]
[BlackElo "1653"]

1. e4 c5 2. d4 cxd4 3. Qxd4 Nc6 4. Qd1 e5 5. Nf3 Nf6 6. Bg5 Bb4+ 7. c3 Be7 8.
Bxf6 Bxf6 9. h4 d6 10. Bb5 Bd7 11. Qxd6 Rc8 12. Na3 Be7 13. Qd2 O-O 14. Bxc6
Bxc6 15. O-O-O Qxd2+ 16. Nxd2 Bxa3 17. bxa3 Ba4 18. Nb3 Rxc3+ 19. Kb2 Rfc8 20.
Rc1 Rxc1 21. Nxc1 Rc2+ 22. Kb1 Rxf2 23. g3 Rf3 24. Nb3 Rxg3 25. Rc1 Bxb3 26.
axb3 h6 27. Kb2 Re3 28. Rc7 Rxe4 29. Rxb7 Rd4 30. Kc3 Rd1 31. Rxa7 e4 32. Re7 f5
33. Kc2 Rd8 34. b4 Kf8 35. Re5 Re8 36. Rxf5+ Ke7 37. Re5+ Kf7 38. Rxe8 Kxe8 39.
Kd2 Kd7 40. Ke3 Kc6 41. Kxe4 Kb5 42. Kf5 g5 43. hxg5 hxg5 44. Kxg5 Ka4 45. Kf5
Kb5 46. Ke4 Kc4 47. Ke5 Kb5 48. Kd4 Kb6 49. a4 Ka6 50. Kc5 Ka7 51. b5 1-0

[Event "Challenge"]
[Site "http://www.queenalice.com/game.php?id=906953"]
[Date "2011.3.1"]
[Round "-"]
[White "andresil"]
[Black "Sampaio"]
[Result "1-0"]
[WhiteElo "1402"]
[BlackElo "1632"]

1. e4 c5 2. Nf3 d6 3. Bb5+ Bd7 4. a4 Nf6 5. d3 e5 6. Bg5 Be7 7. Nc3 O-O 8. O-O
h6 9. Bxf6 Bxf6 10. Nd5 Be7 11. h3 f5 12. Bc4 fxe4 13. Nc7+ Kh7 14. Nxa8 exf3
15. gxf3 Bxh3 16. Re1 Bh4 17. Qd2 Qf6 18. Kh2 Qxf3 19. Rg1 Bg5 20. Rg3 1-0

[Event "Challenge"]
[Site "http://www.queenalice.com/game.php?id=907469"]
[Date "2011.3.2"]
[Round "-"]
[White "Goudan"]
[Black "Sampaio"]
[Result "0-1"]
[WhiteElo "1508"]
[BlackElo "1613"]

1. e4 Nc6 2. Nf3 e5 3. Bc4 h6 4. Nc3 Nf6 5. d4 Bb4 6. dxe5 Nh7 7. a3 Be7 8. Nd5
O-O 9. Nxe7+ Qxe7 10. Bf4 Re8 11. O-O Nxe5 12. Nxe5 Rf8 13. Qg4 d6 14. Bxh6 Bxg4
15. f3 Be6 16. Bxe6 Qxe6 17. Bf4 dxe5 18. Bg3 Rad8 19. h4 Rd2 20. Rac1 Qb6+ 0-1

[Event "Challenge"]
[Site "http://www.queenalice.com/game.php?id=907470"]
[Date "2011.3.2"]
[Round "-"]
[White "Sampaio"]
[Black "Goudan"]
[Result "1-0"]
[WhiteElo "1599"]
[BlackElo "1560"]

1. c4 e5 2. e4 Nf6 3. Nc3 c6 4. Nf3 d6 5. d4 exd4 6. Nxd4 c5 7. Nf3 Qe7 8. Bd3
Nc6 9. O-O Bg4 10. Bg5 Bxf3 11. Qxf3 O-O-O 12. Rfe1 Nd4 13. Qd1 h6 14. Nd5 Qe5
15. f4 Qe6 16. f5 Qe5 17. Bf4 Qe8 18. e5 1-0

[Event "Agora Vai re re"]
[Site "http://www.queenalice.com/game.php?id=907931"]
[Date "2011.3.3"]
[Round "-"]
[White "Sampaio"]
[Black "joaobatista"]
[Result "1-0"]
[WhiteElo "1636"]
[BlackElo "1660"]

1. Nf3 h6 2. Nc3 d6 3. d4 c6 4. e4 Bg4 5. Be2 Bh5 6. O-O f6 7. Nh4 Bf7 8. f4 e6
9. b3 h5 10. Bb2 b5 11. a3 Qc7 12. Re1 Nd7 13. Bf3 Qb6 14. Kh1 Ne7 15. d5 cxd5
16. exd5 e5 17. fxe5 fxe5 18. Ne4 Ng6 19. Nf5 Nf4 20. g3 Nh3 21. Qd2 g6 22. Ne3
Bh6 23. Bg2 Bxe3 24. Rxe3 Nf4 25. gxf4 O-O-O 26. Rf1 Qb7 27. Nxd6+ 1-0

[Event "Challenge"]
[Site "http://www.queenalice.com/game.php?id=914176"]
[Date "2011.3.18"]
[Round "-"]
[White "joaobatista"]
[Black "Sampaio"]
[Result "1-0"]
[WhiteElo "1670"]
[BlackElo "1632"]

1. d4 Nf6 2. h3 d5 3. Nf3 e6 4. Bg5 Be7 5. a3 O-O 6. g3 Ne4 7. Bxe7 Qxe7 8. Bg2
Nc6 9. O-O a6 10. Nh2 f5 11. Nf3 f4 12. g4 Qf7 13. Nbd2 h5 14. g5 Qf5 15. c4
Nxg5 16. Nxg5 Qxg5 17. Nf3 Qg6 18. Nh4 Qf6 19. Nf3 e5 20. dxe5 Nxe5 21. Qxd5+
Be6 22. Qxe5 Qxe5 23. Nxe5 Rae8 24. h4 Rf5 25. Nf3 Bxc4 26. Nd4 Rf6 27. Rfe1 c5
28. b3 Bf7 29. Nf3 Bxb3 30. Nd2 c4 31. Bd5+ Kh8 32. Nxb3 cxb3 33. Bxb3 f3 34.
Bd5 Re5 35. Bxf3 Rf4 36. Rab1 Rxh4 37. Bxb7 Rg5+ 38. Kf1 Rhg4 39. e3 h4 40. Ke2
a5 41. Ra1 1-0